| 000 | 01063aab a2200205 i 4500 | ||
|---|---|---|---|
| 001 | 768714001 | ||
| 003 | CO-MdFUSB | ||
| 005 | 20240422103343.0 | ||
| 008 | 240411t1985 ag ||||| |||| 00| 0 spa d | ||
| 040 |
_bspa _cCO-MdFUSB |
||
| 041 | _aspa | ||
| 100 | 1 |
_aPadilla, C. René _eautor |
|
| 245 |
_aCuatro tesis de Leonardo Boff sobre la iglesia _c/ C. René Padilla |
||
| 300 |
_aVolumen 4, número 3 (septiembre, 1985), páginas: 94 - 96 _c; 27 cm |
||
| 520 | _aLas cuatro tesis de Boff que la Congregación de la Fe considera "peligrosas" representan posiciones de fundamental importancia para la eclesiología. Cabe señalar que, Boff critica el concepto de la Iglesia como "mater et magistra" porque propugna una política centralista, una estructura piramidal que depende del poder sacerdotal y magistral y de la autoridad sagrada de la jerarquía. | ||
| 650 | 7 |
_aTeología dogmática _96937 |
|
| 653 | _aEclesiología | ||
| 773 | 0 |
_tIglesia y Misión _049402 _959687 _gVolumen 4, número 3 (septiembre, 1985), páginas: 94 - 96 _qpágina: 94 |
|
| 942 | _cANA | ||
| 999 |
_c51603 _d51603 |
||